Exploring Microsoft Powerpoint 97 / (Record no. 174500)

MARC details
000 -LEADER
fixed length control field 00928cam a2200253 a 4500
001 - CONTROL NUMBER
control field vtls001323260
003 - CONTROL NUMBER IDENTIFIER
control field MY-SjTCS
005 - DATE AND TIME OF LATEST TRANSACTION
control field 20200226121007.0
008 - FIXED-LENGTH DATA ELEMENTS--GENERAL INFORMATION
fixed length control field 110218s1998 nju 00 0 eng
020 ## - INTERNATIONAL STANDARD BOOK NUMBER
International Standard Book Number 0137542356
039 #9 - LEVEL OF BIBLIOGRAPHIC CONTROL AND CODING DETAIL [OBSOLETE]
Level of rules in bibliographic description 201607221053
Level of effort used to assign nonsubject heading access points patrick
Level of effort used to assign subject headings 201408180946
Level of effort used to assign classification patrick
Level of effort used to assign subject headings 201209051747
Level of effort used to assign classification izani
Level of effort used to assign subject headings 201102181254
Level of effort used to assign classification VLOAD
-- 200407271852
-- VLOAD
082 04 - DEWEY DECIMAL CLASSIFICATION NUMBER
Classification number 006.68
Item number GRA
100 1# - MAIN ENTRY--PERSONAL NAME
Personal name Grauer, Robert T.
Dates associated with a name 1945-
9 (RLIN) 21859
245 10 - TITLE STATEMENT
Title Exploring Microsoft Powerpoint 97 /
Statement of responsibility, etc. Robert T. Grauer, Maryann Barber
260 ## - PUBLICATION, DISTRIBUTION, ETC.
Place of publication, distribution, etc. Upper Saddle River, N.J. :
Name of publisher, distributor, etc. Prentice Hall,
Date of publication, distribution, etc. c1998.
300 ## - PHYSICAL DESCRIPTION
Extent xxxii, 174, 48, 12 p. ;
Dimensions 28 cm.
490 #0 - SERIES STATEMENT
Series statement Exploring Microsoft Office 97 series
590 ## - LOCAL NOTE (RLIN)
Local note Computer Science : ICS4U
650 #0 - SUBJECT ADDED ENTRY--TOPICAL TERM
Topical term or geographic name entry element Business presentations
General subdivision Data processing.
650 #0 - SUBJECT ADDED ENTRY--TOPICAL TERM
Topical term or geographic name entry element Computer graphics.
650 #0 - SUBJECT ADDED ENTRY--TOPICAL TERM
Topical term or geographic name entry element Microsoft PowerPoint (Computer file)
700 1# - ADDED ENTRY--PERSONAL NAME
Personal name Barber, Maryann.
9 (RLIN) 92518
920 ## - Programme
Programme CPU : 62057, 62095
Holdings
Withdrawn status Lost status Source of classification or shelving scheme Damaged status Not for loan Home library Current library Date acquired Total Checkouts Barcode Date last seen Date last checked out Copy number Koha item type Public note
  Missing Stock take Dewey Decimal Classification     Taylor's Library-TC Taylor's Library-TC 27/07/2004   1000001195 12/12/2019 27/07/2004 1 Main Collection CPUxx,02000,03,GR